Metódy analýzy, transformácie a klasifikácie expresívnej reči

Saved in:
Bibliographic Details
Main Author: Přibilová, Anna, 1962- (Author)
Format: Manuscript Book
Language:English
Published: Bratislava : STU v Bratislave FEI, 2013
Tags: Add Tag
No Tags, Be the first to tag this record!

MARC

LEADER 00000ntm a22000003a 4500
001 stu293530
005 20160422112908.2
008 140709s--------xo------------------eng-d
040 |a STU  |b slo 
041 0 |a eng 
044 |a xo 
100 1 |a Přibilová, Anna,  |d 1962-  |4 aut  |u E030  |U FEI Fakulta elektrotechniky a informatiky  |T FEI Ústav elektroniky a fotoniky  |X 2073  |U E030  |Y 549  |7 2073 
245 1 |a Metódy analýzy, transformácie a klasifikácie expresívnej reči 
260 |a Bratislava :  |b STU v Bratislave FEI,  |c 2013 
300 |a 172 s 
996 |b 284ED01449  |c E*ZP-313  |l EE01  |s A  |a 24  |w stu293530_0001